| 000 | 00453pab a2200181 454500 | ||
|---|---|---|---|
| 008 | 180718b1997 xxu||||| |||| 00| 0 eng d | ||
| 100 | _aRaj, K.N. | ||
| 245 | _aLiteracy, health and population control | ||
| 260 | _c1997 | ||
| 300 | _ap.67-71 | ||
| 362 | _aJan-Mar | ||
| 650 | _aLiteracy - India | ||
| 650 | _aFamily planning - India | ||
| 650 | _aBirth control - India | ||
| 650 | _aBirth control | ||
| 773 | _aIASSI Quarterly | ||
| 909 | _a36256 | ||
| 999 |
_c36256 _d36256 |
||